UM Logo

Teacher facilitation of elementary science discourse after a professional development initiative / (Record no. 21705)

MARC details
000 -LEADER
fixed length control field 00898nam a22002177a 4500
003 - CONTROL NUMBER IDENTIFIER
control field OSt
005 - DATE AND TIME OF LATEST TRANSACTION
control field 20250220152003.0
008 - FIXED-LENGTH DATA ELEMENTS--GENERAL INFORMATION
fixed length control field 240916b ||||| |||| 00| 0 eng d
040 ## - CATALOGING SOURCE
Transcribing agency 0
082 ## - DEWEY DECIMAL CLASSIFICATION NUMBER
Classification number DPer 372.05 EL269 2021 v. 122 n. 1-4
100 ## - MAIN ENTRY--PERSONAL NAME
Personal name Borko, Hilda.
Relator term author.
9 (RLIN) 61232
245 ## - TITLE STATEMENT
Title Teacher facilitation of elementary science discourse after a professional development initiative /
Statement of responsibility, etc. Hilda Borko, Florencia Gomez Zaccarelli, Emily Reigh , Jonathan Osborne.
260 ## - PUBLICATION, DISTRIBUTION, ETC. (IMPRINT)
Place of publication, distribution, etc. USA ;
Name of publisher, distributor, etc. University of Chicago Press,
Date of publication, distribution, etc. June 2021.
300 ## - PHYSICAL DESCRIPTION
Extent volume 122, pages 561-585,
Other physical details illustration.
500 ## - GENERAL NOTE
General note The Elementary School Journal, v. 122, n. 4, pages 561-585, June 2021
700 ## - ADDED ENTRY--PERSONAL NAME
Personal name Borko, Hilda.
Relator term author.
9 (RLIN) 61232
700 ## - ADDED ENTRY--PERSONAL NAME
Personal name Zaccarelli, Florencia Gomez.
Relator term author.
9 (RLIN) 61233
700 ## - ADDED ENTRY--PERSONAL NAME
Personal name Reigh, Emily.
Relator term author.
9 (RLIN) 61234
700 ## - ADDED ENTRY--PERSONAL NAME
Personal name Osborne, Jonathan.
Relator term author.
9 (RLIN) 61235
942 ## - ADDED ENTRY ELEMENTS (KOHA)
Source of classification or shelving scheme Dewey Decimal Classification
Koha item type Periodicals
Holdings
Withdrawn status Lost status Source of classification or shelving scheme Damaged status Not for loan Collection code Home library Current library Date acquired Total Checkouts Date last seen Price effective from Koha item type Public note
    Dewey Decimal Classification     Periodicals UM Digos College - LIC UM Digos College - LIC 09/16/2024   09/16/2024 09/16/2024 Periodicals Periodical Article